01402nam a2200421 i 450000100060000000300090000600500170001500800410003201500190007302000150009203500230010703500360013003500140016603500210018003500160020103500230021703500440024004000280028404100080031204600090032008000140032908000120034310000390035524500480039426000800044230000210052233600270054333700540057033800280062438000160065238800140066838800140068265000250069665500350072165800510075671000750080785600980088236931KOSZ 00520220607094859.0981010s1998 pl |000 0 pol  aUWD 1998/14227 a8387704024 a991006919029705066 a(PL-WaBN)b11798920-48omnis_nlop ab11798920 a(OCoLC)751074805 axx001647852 a(PL)b0000001179892 a(EXLNZ-48OMNIS_NETWORK)9910480630305606 aWA NcWA NdKOSZ 005/HR0 apol k1998 a32-027.21 a(075.8)1 aBlok, Zbigniewd(1942- )eRedakcja10aTeoria polityki :bstudia /cZbigniew Blok. aPoznań :bWydaw. Naukowe UAM - Uniwersytetu im. Adama Mickiewicza,c1998. a142 s. ;c24 cm. aTekstbtxt2rdacontent aBez urządzenia pośredniczącegobn2rdamedia aWoluminbnc2rdacarrier aKsiążki a1901-2000 a1989-2000 7aTeoria polityki2DBN 7aPodręczniki akademickie2DBN aPolityka, politologia, administracja publiczna2 aWydawnictwo Naukowe Uniwersytetu im. Adama Mickiewicza (Poznań)4pbl uhttp://koha.tu.koszalin.pl/cgi-bin/koha/opac-detail.pl?biblionumber=36931yKatalog online BPK